00422naa a2200133 a 450000100080000000500110000800800410001910000110006024500500007126000090012152000660013065300210019677300710021710861132012-07-19 1988 bl uuuu u00u1 u #d1 aEpagri aPre??os m??nimos estimulam produtos b??sicos. c1988 aAnalisa os pre??os m??nimos estabelecidos para a safra 88/89. aPre??os m??nimos tInforme Conjuntural, Florianpolis, SCgv. 6, n. 231, p. 1-3, 1988.